| 000 | 02575nam a2200337Ia 4500 | ||
|---|---|---|---|
| 005 | 20200311151651.0 | ||
| 008 | 130821s1869 fr a fr 1 spa | ||
| 040 |
_aCo-BoUCM _bspa _cSandra Yazo _dSandra Yazo |
||
| 041 | 0 | _afre | |
| 082 | 0 | 4 |
_a541.3 _220 |
| 092 | _aE11N024 | ||
| 100 | 1 |
_aMoigno _qFrancois Napoléon Marie _d1804-1884 _cSacerdote _9100374 |
|
| 242 |
_aRecopilaciones de temas de física y química puras y aplicadas _cPor el P. Moigno _yspa |
||
| 245 | 1 | 0 |
_aMélanges de physique et de chimie pures et appliquées _cPar M. L'Abbé Moigno |
| 260 |
_aParís (Francia) _bAu Bureau du Journal Les Mondes [En las oficinas del Diario Les Mondes] ; _bTypographie Walder [Imprenta Walder] _c1869 |
||
| 300 |
_aiv, 244 páginas _bilustraciones, fórmulas, gráficas _c18 x 12 cm. |
||
| 490 | 0 | _aActualités scientifiques [Actualidades científicas] | |
| 500 | _aDetalles físicos: Encuadernación rígida, en cartón forrado en tela texturizada. Lomo con repujados y adornos en dorado. Tapa posterior con mancha de tinta, residuos de rótulos antiguos. Guardas. Anteportada. Portada impresa en una sola tinta. Texto en una sola columna con varios tipos y tamaños de letra. Tiene notas de pie de página. Ilustraciones entre el texto. Algunas páginas con manchas de tinta al final de la obra | ||
| 505 | 0 | _aSobre el oxígeno / M. Graham ; Unas nuevas reacciones químicas producidas por la luz / John Tyndall ; Rayos químicos y luz celeste /John Tyndall ; Temperatura de las llamas y su relación con la presión / M. Frankland ; Calor que se desprende de la combustión / Macquorn Rankine ; Trabajos de investigación de Henry Saint-Claire-Deville ; Sobre la anilina o colores del asfalto de hulla / W. H. Perkin ; Nuevos métodos para la fabricación y refinación del azúcar / E. Marguerite ; Poderes calóricos de los carbones minerales y de la hulla / Henry Saint-Claire-Deville | |
| 506 | _aConsulta en sala | ||
| 546 | _aTexto en francés | ||
| 650 | 7 |
_aQuímica _922980 |
|
| 650 | 7 |
_aFísica _915907 |
|
| 650 | 7 |
_aLuz _918834 |
|
| 650 | 7 |
_aCalor _910333 |
|
| 650 | 7 |
_aCarbón _910478 |
|
| 650 | 7 |
_aAzúcar _97329 |
|
| 690 |
_aCiencias naturales _910813 |
||
| 856 | 4 | 1 | _uhttps://books.google.com.co/books?id=pRANAAAAYAAJ&printsec=frontcover&dq=M%C3%A9langes+de+physique+et+de+chimie+pures+et+appliqu%C3%A9es+por+Moigno&hl=es&sa=X&ved=0ahUKEwjT3K-2npPoAhVSdt8KHZvPAoUQ6AEIKzAA#v=onepage&q=M%C3%A9langes%20de%20physique%20et%20de%20chimie%20pures%20et%20appliqu%C3%A9es%20por%20Moigno&f=false |
| 942 |
_cLIBRO _a25 _e1 _2LOCAL _hE11N024 |
||
| 999 |
_c73819 _d73819 |
||